000
00308nam a22001337a 4500
008
170619b xxu||||| |||| 00| 0 eng d
020
_a
9780761997092
041
_a
eng
080
_a
329
100
_a
20
101
_a
SHP
245
_a
POLITICAL PARTIES AND PARTY SYSTEMS
_c
MEHRA.A.K
942
_2
udc
_c
BK
999
_c
17992
_d
17992